[Event "Titled Tuesday intern op 13th Feb Early"]
[Site "Chess.com INT"]
[Date "2024.02.13"]
[Round "4"]
[White "Begunov, Konstantin"]
[Black "Angulo Cubero, Oscar"]
[Result "0-1"]
[WhiteElo "2325"]
[BlackElo "2152"]
[PlyCount "84"]
[EventDate "2024.02.13"]
[EventType "swiss (blitz)"]
[EventRounds "11"]
[EventCountry "USA"]
[SourceTitle "CB08_2024"]
[SourceDate "2024.02.21"]
[SourceVersion "1"]
[SourceVersionDate "2024.02.21"]
[SourceQuality "1"]

1. d4 d5 2. c4 e6 3. cxd5 exd5 4. Nc3 c6 5. Nf3 h6 6. Bf4 Bd6 7. Bg3 Ne7 8. e3 Nf5 9. Bd3 Nxg3 10. hxg3 Bg4 11. Qc2 Nd7 12. 0-0 Qf6 13. Nh4 0-0 14. Nf5 Rae8 15. Nxd6 Qxd6 16. b4 a6 17. a4 Re7 18. b5 c5 19. bxa6 c4 20. Bh7+ Kh8 21. axb7 Nf6 22. Rfb1 Nxh7 23. a5 g6 24. Rb6 Qb8 25. a6 Qa7 26. Nxd5 Rd7 27. Rb5 Kg7 28. Qxc4 Be6 29. Qc6 Rxd5 30. Rxd5 Bxd5 31. Qxd5 Rb8 32. Ra2 Nf6 33. Qc5 Rxb7 34. axb7 Qxb7 35. Rc2 Qb1+ 36. Rc1 Qb2 37. Rf1 Ne4 38. Qe5+ Nf6 39. Re1 h5 40. Rf1 Qb6 41. Rc1 Kh6 42. Rc5 Ng4 0-1

[Event "Titled Tuesday intern op 24th Nov"]
[Site "Chess.com INT"]
[Date "2020.11.24"]
[Round "6"]
[White "Hartikainen, Jarmo"]
[Black "Angulo Cubero, Oscar"]
[Result "0-1"]
[WhiteElo "2142"]
[BlackElo "2157"]
[PlyCount "66"]
[EventDate "2020.11.24"]
[EventType "swiss (blitz)"]
[EventRounds "11"]
[EventCountry "USA"]
[SourceTitle "CBM 199 Extra"]
[Source "ChessBase"]
[SourceDate "2021.01.31"]
[SourceVersion "1"]
[SourceVersionDate "2021.01.31"]
[SourceQuality "1"]

1. e4 d5 2. exd5 Qxd5 3. Nc3 Qa5 4. d4 c6 5. Bc4 Nf6 6. Bd2 Bf5 7. Nf3 Nbd7 8. Qe2 e6 9. Bb3 Qc7 10. h3 Bb4 11. g4 Bg6 12. Ne5 Nxe5 13. dxe5 Nd7 14. f4 0-0-0 15. 0-0-0 h5 16. Rhf1 hxg4 17. hxg4 Bxc3 18. Bxc3 Nc5 19. Qe3 Rxd1+ 20. Rxd1 Qb6 21. Bd4 Nxb3+ 22. axb3 Qa5 23. f5 Qa1+ 24. Kd2 Rh2+ 25. Kc3 Qxd1 26. fxg6 Rxc2+ 27. Kb4 fxg6 28. Bc3 a5+ 29. Kxa5 Qd5+ 30. Kb4 Qb5+ 31. Ka3 Qa6+ 32. Kb4 b6 33. Bd4 Qa5# 0-1

[Event "Titled Tuesday intern op 08th Sept"]
[Site "Chess.com INT"]
[Date "2020.09.08"]
[Round "9"]
[White "Angulo Cubero, Oscar"]
[Black "Manukian, Artak"]
[Result "1-0"]
[WhiteElo "2157"]
[BlackElo "2196"]
[PlyCount "129"]
[EventDate "2020.09.08"]
[EventType "swiss (blitz)"]
[EventRounds "10"]
[EventCountry "USA"]
[SourceTitle "CBM 198 Extra"]
[Source "ChessBase"]
[SourceDate "2020.11.30"]
[SourceVersion "1"]
[SourceVersionDate "2020.11.30"]
[SourceQuality "1"]

1. d4 Nf6 2. Bg5 c5 3. Nc3 cxd4 4. Qxd4 Nc6 5. Qh4 h6 6. 0-0-0 Qa5 7. Bxf6 exf6 8. Qa4 Bb4 9. Qxa5 Bxa5 10. Ne4 0-0 11. Nd6 Bc7 12. Nxc8 Raxc8 13. Rxd7 Nb4 14. c3 Na6 15. e3 Nc5 16. Rd2 Ne4 17. Rc2 Bb6 18. Bd3 Nxf2 19. Rxf2 Bxe3+ 20. Rd2 Rfd8 21. Kc2 Bxd2 22. Kxd2 Rc6 23. Ne2 f5 24. Kc2 g6 25. h4 h5 26. Rd1 Kg7 27. b3 Re6 28. Nd4 Re3 29. Rd2 Rg3 30. Bf1 Kf6 31. Re2 Rg4 32. Nf3 Re4 33. Rf2 Kg7 34. Bc4 a6 35. a4 Rd7 36. a5 Rde7 37. Bd5 Rf4 38. Kd3 Rd7 39. c4 Kf6 40. Re2 Re7 41. Rd2 Rg4 42. Kc3 Re3+ 43. Rd3 Rxd3+ 44. Kxd3 f4 45. Bxb7 Ke7 46. Bxa6 f6 47. Bb7 g5 48. hxg5 Rxg2 49. gxf6+ Kxf6 50. a6 Ra2 51. Ke4 Ra3 52. Kxf4 Ke7 53. Ne5 Kd6 54. b4 Ra4 55. c5+ Ke6 56. Nd3 h4 57. c6 h3 58. Nc5+ Kd6 59. Nxa4 h2 60. c7 Kxc7 61. Bh1 Kb8 62. b5 Ka7 63. Kg3 Kb8 64. Kxh2 Ka7 65. Kg3 1-0

[Event "Titled Tuesday intern op 08th Sept"]
[Site "Chess.com INT"]
[Date "2020.09.08"]
[Round "4"]
[White "Gelman, Alexander"]
[Black "Angulo Cubero, Oscar"]
[Result "1-0"]
[WhiteElo "2403"]
[BlackElo "2157"]
[PlyCount "115"]
[EventDate "2020.09.08"]
[EventType "swiss (blitz)"]
[EventRounds "10"]
[EventCountry "USA"]
[SourceTitle "CBM 198 Extra"]
[Source "ChessBase"]
[SourceDate "2020.11.30"]
[SourceVersion "1"]
[SourceVersionDate "2020.11.30"]
[SourceQuality "1"]

1. d4 d5 2. Nc3 Nf6 3. Bf4 c5 4. e3 Nc6 5. Nb5 e5 6. dxe5 a6 7. Nc3 d4 8. exf6 dxc3 9. Qxd8+ Kxd8 10. bxc3 gxf6 11. 0-0-0+ Ke8 12. Bc4 Be6 13. Bd5 Rc8 14. Ne2 b5 15. e4 h5 16. Ng3 Bg4 17. f3 Be6 18. Rhe1 h4 19. Nf5 Ne5 20. Bxe5 fxe5 21. Bxe6 fxe6 22. Nd6+ Bxd6 23. Rxd6 Ke7 24. Rxa6 Rhg8 25. Re2 Ra8 26. Rxa8 Rxa8 27. Kb2 Rg8 28. Rd2 h3 29. g3 Rf8 30. Rf2 Kd6 31. f4 exf4 32. Rxf4 Rd8 33. Rh4 Ke7 34. Rxh3 Rd2 35. Rh5 Kd6 36. h4 Rg2 37. Rg5 Rh2 38. h5 Rh3 39. g4 Ke7 40. Rg6 Kf7 41. e5 Rh4 42. c4 b4 43. a3 Rh3 44. axb4 cxb4 45. c5 Rc3 46. g5 Rxc5 47. Rf6+ Ke7 48. h6 Rxe5 49. Rg6 Re4 50. Rg7+ Kd6 51. h7 Rh4 52. g6 e5 53. Rg8 e4 54. h8Q Rxh8 55. Rxh8 e3 56. Re8 b3 57. Rxe3 bxc2 58. Kxc2 1-0

[Event "Titled Tuesday intern op 2nd Febr"]
[Site "Chess.com INT"]
[Date "2019.02.05"]
[Round "2"]
[White "Sanal, Vahap"]
[Black "Angulo Cubero, Oscar"]
[Result "1-0"]
[WhiteElo "2497"]
[BlackElo "2151"]
[PlyCount "149"]
[EventDate "2019.02.05"]
[EventType "swiss (blitz)"]
[EventRounds "10"]
[EventCountry "USA"]
[SourceTitle "EXT 2021"]
[Source "ChessBase"]
[SourceDate "2020.10.23"]
[SourceVersion "1"]
[SourceVersionDate "2020.10.23"]
[SourceQuality "1"]

1. e4 d5 2. exd5 Qxd5 3. Nc3 Qa5 4. d4 Nf6 5. Nf3 Bg4 6. Bc4 c6 7. Bd2 Qc7 8. h3 Bh5 9. g4 Bg6 10. Ne5 e6 11. h4 Nbd7 12. h5 Nxe5 13. dxe5 Qxe5+ 14. Qe2 Qxe2+ 15. Kxe2 Bxc2 16. Rhc1 Be4 17. g5 Bd5 18. Bd3 Nxh5 19. Nxd5 exd5 20. Kf3 Bd6 21. b4 Kd7 22. b5 c5 23. Bc3 f6 24. Rh1 g6 25. Bf5+ Kc7 26. gxf6 d4 27. Ba5+ b6 28. Bd2 Nxf6 29. Bd3 Raf8 30. Kg2 Nd5 31. a4 Nf4+ 32. Bxf4 Rxf4 33. a5 Kb7 34. axb6 axb6 35. Bc4 Rf5 36. Bd3 Rf4 37. f3 Bb8 38. Be4+ Kc8 39. Ra6 Bc7 40. Ra8+ Bb8 41. Ra6 Rf6 42. Bc6 h5 43. Rxb6 Rhf8 44. Ra1 d3 45. Ra8 Kc7 46. Rb7+ Kd6 47. Raxb8 Rxb8 48. Rxb8 c4 49. Kf2 Re6 50. Be4 g5 51. b6 g4 52. Rd8+ Ke7 53. b7 g3+ 54. Kxg3 h4+ 55. Kh3 Kxd8 56. b8Q+ Ke7 57. Qc7+ Kf6 58. Qxc4 Rd6 59. Qc3+ Ke7 60. Qd2 Kd7 61. Kxh4 Kc7 62. Kg3 Kd7 63. Kf2 Ke6 64. Ke3 Ke5 65. Qa5+ Ke6 66. Qf5+ Ke7 67. Qh7+ Ke6 68. Bf5+ Ke5 69. f4+ Kd5 70. Be4+ Kc5 71. Qc7+ Kb4 72. Qxd6+ Kc3 73. Qd4+ Kc2 74. Bxd3+ Kc1 75. Qa1# 1-0

[Event "Alajuela op 5th"]
[Site "Alajuela"]
[Date "2014.01.24"]
[Round "6"]
[White "Angulo Cubero, Oscar"]
[Black "Kaufman, Raymond"]
[Result "1/2-1/2"]
[WhiteElo "2077"]
[BlackElo "2300"]
[PlyCount "41"]
[EventDate "2014.01.22"]
[EventType "swiss"]
[EventRounds "9"]
[EventCountry "CRI"]
[SourceTitle "CBM 158 Extra"]
[Source "ChessBase"]
[SourceDate "2014.02.28"]
[SourceVersion "1"]
[SourceVersionDate "2014.02.28"]
[SourceQuality "1"]

1. d4 Nf6 2. Bg5 c5 3. Nc3 cxd4 4. Qxd4 Nc6 5. Qd2 e6 6. e4 Bb4 7. Bd3 h6 8. Bxf6 Qxf6 9. Nge2 0-0 10. 0-0 Ne5 11. a3 Bc5 12. Na4 Be7 13. c4 Qg6 14. f4 Nxd3 15. Qxd3 f5 16. Ng3 fxe4 17. Qxe4 Qxe4 18. Nxe4 b6 19. Rad1 Rd8 20. Nd6 Ba6 21. Nc3 1/2-1/2